| 000 | 01744 a2200193 4500 | ||
|---|---|---|---|
| 001 | 46272 | ||
| 005 | 20260407155734.0 | ||
| 008 | 260407a1981 arg spa d | ||
| 003 | AR-UNSa-BCEJYS | ||
| 040 |
_aAR-UNSa-BCEJYS _bspa _cAR-UNSa-BCEJYS |
||
| 080 |
_a330.8 _xHistoria de las teorías, Doctrinas, Dogmas económicos (pensamiento económico) |
||
| 245 | 1 | 0 |
_aNuevos Estudios _pen filosofía, política, economía e historia de las ideas |
| 264 | 1 |
_aBuenos Aires : _bEUDEBA (Editorial Universitaria de Buenos Aires) _c1981 |
|
| 300 |
_a271 p. _c23 cm. |
||
| 505 | _aPrimera Parte. Filosofía: 1. Los errores del constructivismo – 2. La pretensión de conocimiento – 3. La primacía de lo abstracto – 4. Dos tipos de mente – 5. El atavismo de la justicia social – Segunda Parte. Política: 6. La confusión del lenguaje en el pensamiento político – 7. La constitución de un estado liberal – 8. Libertad económica y gobierno representativo -9. El liberalismo – 10. ¿Adónde va la democracia? – Tercera Parte. Economía política: 11. Tres elucidades del efecto Ricardo – 12. La competencia como procedimiento de descubrimiento – 13. La campaña contra la inflación Keynesiana – 14. La nueva confusión sobre “planificación” – Cuarta Parte. Historia de las ideas: 15. El Dr. Bernard Mandeville – 16. El mensaje de Adam Smith en el lenguaje actual – 17. El lugar que ocupa el concepto de Grundsätze de Menger en la historia del pensamiento económico – 18. Recuerdos personales de Keynes y “La Revolución Keynesiana” – 19. Una vez más, naturaleza vs. Educación – 20. Socialismo y ciencia – | ||
| 942 | _cBK | ||
| 590 | _aniveau_biblio:m niveau_hierar:0 | ||
| 100 | 1 | _aHayek, Friedrich A. | |
| 999 |
_c4169 _d4169 |
||